[Event "Tradewise Hastings Masters 15-16"]
[Site "Hastings, England"]
[Date "2015.12.28"]
[Round "1.26"]
[White "Lochte, Thomas"]
[Black "Golding, James"]
[Result "1/2-1/2"]
[WhiteElo "2082"]
[BlackElo "1882"]
[PlyCount "55"]
[EventDate "2015.??.??"]
[WhiteClock "0:44:45"]
[BlackClock "1:19:55"]

1. e4 e5 2. d4 exd4 3. c3 d5 4. exd5 Qxd5 5. cxd4 Nc6 6. Nf3 Bg4 7. Be2 Bb4+ 8.
Nc3 Bxf3 9. Bxf3 Qc4 10. Bxc6+ bxc6 11. Qe2+ Qxe2+ 12. Kxe2 O-O-O 13. Be3 Ne7
14. a3 Ba5 15. b4 Bb6 16. Rhd1 Rhe8 17. Na4 Nf5 18. Nxb6+ axb6 19. Kf3 Rd6 20.
g4 Nh4+ 21. Kg3 Ng6 22. Rac1 Kb7 23. Rd3 Ne7 24. Bf4 Rd7 25. Re3 Rxd4 26. Be5
Rd7 27. Bf4 Rd4 28. Rce1 1/2-1/2

[Event "Tradewise Hastings Masters 15-16"]
[Site "Hastings, England"]
[Date "2015.12.28"]
[Round "1.27"]
[White "Hand, Freddie"]
[Black "Waddington, Mike P"]
[Result "1/2-1/2"]
[WhiteElo "1878"]
[BlackElo "2066"]
[PlyCount "77"]
[EventDate "2015.??.??"]
[WhiteClock "0:00:44"]
[BlackClock "0:01:03"]

1. d4 Nf6 2. c4 e6 3. Nc3 Bb4 4. e3 d5 5. a3 Bxc3+ 6. bxc3 O-O 7. cxd5 exd5 8.
Bd3 c5 9. Ne2 Nc6 10. O-O Re8 11. Qd2 Ne4 12. Bxe4 dxe4 13. Ng3 c4 14. f3 exf3
15. gxf3 Na5 16. Rb1 Nb3 17. Rxb3 cxb3 18. c4 a5 19. Bb2 Ra6 20. e4 Qh4 21. d5
Rg6 22. Qf2 Bh3 23. Re1 a4 24. f4 Rg4 25. f5 Rexe4 26. d6 Rgf4 27. d7 Rxf2 28.
Rxe4 Rg2+ 29. Kh1 Rxh2+ 30. Kxh2 Bg4+ 31. Kg2 Qh3+ 32. Kf2 Qh2+ 33. Kf1 Bh3+
34. Ke1 Qxg3+ 35. Kd2 Qh2+ 36. Ke3 Qg3+ 37. Kd2 Qh2+ 38. Ke3 Qg3+ 39. Kd2
1/2-1/2

[Event "Tradewise Hastings Masters 15-16"]
[Site "Hastings, England"]
[Date "2015.12.28"]
[Round "1.28"]
[White "Atako, Chino C"]
[Black "Wilson, Matthew R"]
[Result "1-0"]
[WhiteElo "2050"]
[BlackElo "1877"]
[PlyCount "47"]
[EventDate "2015.??.??"]
[WhiteClock "0:34:01"]
[BlackClock "0:36:13"]

1. e4 c5 2. Nf3 e6 3. d4 cxd4 4. Nxd4 a6 5. f4 Bc5 6. Nb3 Be7 7. Nc3 b5 8. Be3
Qc7 9. Qf3 Bb7 10. Bd3 Nf6 11. Qg3 O-O 12. e5 Nh5 13. Qh3 g6 14. O-O-O Ng7 15.
Ne4 Bxe4 16. Bxe4 Nc6 17. Kb1 Rac8 18. g4 d6 19. exd6 Bxd6 20. Qf3 Ne7 21. h4
h5 22. gxh5 Nxh5 23. Rhg1 Kh7 24. Qxh5+ 1-0

[Event "Tradewise Hastings Masters 15-16"]
[Site "Hastings, England"]
[Date "2015.12.28"]
[Round "1.29"]
[White "Dennis, Nigel W"]
[Black "Norinkeviciute, Rasa"]
[Result "0-1"]
[WhiteElo "1820"]
[BlackElo "2036"]
[PlyCount "48"]
[EventDate "2015.??.??"]
[WhiteClock "0:52:38"]
[BlackClock "0:26:28"]

1. e4 c5 2. Nf3 d6 3. d4 cxd4 4. Nxd4 Nf6 5. Nc3 a6 6. Be2 e6 7. O-O Qc7 8. a4
Be7 9. f4 Nbd7 10. Be3 b6 11. Bf3 Bb7 12. Qe2 O-O 13. Kh1 Rac8 14. Bg1 Rfe8 15.
Rfe1 e5 16. Nb3 exf4 17. Qd2 Ne5 18. Qxf4 Nc4 19. Nd5 Bxd5 20. exd5 Nxb2 21.
Nd4 Qc3 22. Re3 Nd3 23. cxd3 Qxa1 24. Nf5 Rc1 0-1

[Event "Tradewise Hastings Masters 15-16"]
[Site "Hastings, England"]
[Date "2015.12.28"]
[Round "1.30"]
[White "ter Steeg, Marcus"]
[Black "Gibbs, Daniel C"]
[Result "1/2-1/2"]
[WhiteElo "2036"]
[BlackElo "1796"]
[PlyCount "120"]
[EventDate "2015.??.??"]
[WhiteClock "0:02:41"]
[BlackClock "0:20:44"]

1. d4 d5 2. c4 c5 3. cxd5 Nf6 4. Nf3 cxd4 5. Qa4+ Qd7 6. Qxd4 Qxd5 7. Nc3 Qxd4
8. Nxd4 a6 9. Bf4 Bd7 10. e4 Nc6 11. Nc2 e5 12. Bg5 Be6 13. O-O-O Rc8 14. Kb1
Bc5 15. Be3 Bxe3 16. fxe3 b5 17. a3 Bb3 18. Rd2 Ke7 19. Be2 Rhd8 20. Rhd1 Rxd2
21. Rxd2 Rd8 22. Rxd8 Bxc2+ 23. Kxc2 Nxd8 24. Kb3 Nb7 25. a4 Nc5+ 26. Kb4 Ncxe4
27. Nxe4 Nxe4 28. axb5 axb5 29. Bxb5 Nd6 30. Bd3 e4 31. Bb1 f5 32. Kc5 g5 33.
g3 h6 34. Kd5 Kd7 35. b4 Nb5 36. Ke5 Nc3 37. Bc2 f4 38. gxf4 gxf4 39. exf4 e3
40. Bd3 e2 41. Bxe2 Nxe2 42. b5 Nc3 43. b6 Kc6 44. f5 Na4 45. b7 Nc5 46. b8=N+
Kc7 47. f6 Kxb8 48. Kd6 Ne4+ 49. Ke7 Ng5 50. f7 Nh7 51. h4 h5 52. f8=Q+ Nxf8
53. Kxf8 Kc8 54. Ke7 Kc7 55. Kf7 Kd7 56. Kg6 Ke7 57. Kg7 Ke8 58. Kg8 Ke7 59.
Kg7 Ke8 60. Kg6 Kf8 1/2-1/2

[Event "Tradewise Hastings Masters 15-16"]
[Site "Hastings, England"]
[Date "2015.12.28"]
[Round "1.31"]
[White "Ruane, Brendan J"]
[Black "Willson, Ollie"]
[Result "0-1"]
[WhiteElo "1794"]
[BlackElo "2033"]
[PlyCount "166"]
[EventDate "2015.??.??"]
[WhiteClock "0:50:42"]
[BlackClock "0:00:53"]

1. e4 c5 2. Nc3 Nc6 3. Bb5 Nd4 4. Bc4 d6 5. Nge2 Nf6 6. O-O e5 7. d3 Be7 8. f4
O-O 9. Ng3 Bg4 10. Qd2 exf4 11. Rxf4 Bd7 12. h3 b5 13. Bb3 a5 14. Nd5 Nxd5 15.
Bxd5 Rc8 16. c3 Ne6 17. Rf1 Nc7 18. Bb3 a4 19. Bc2 d5 20. Nf5 Bxf5 21. Rxf5 g6
22. Rf3 Ne6 23. e5 Qa5 24. Qf2 Bg5 25. h4 Bxc1 26. Rxc1 a3 27. Bb1 axb2 28.
Qxb2 b4 29. c4 d4 30. Qf2 Qc7 31. Re1 Rce8 32. Bc2 Nd8 33. Qg3 Nc6 34. e6 Qc8
35. exf7+ Rxf7 36. Rxe8+ Qxe8 37. Ba4 Rxf3 38. Qxf3 Qe1+ 39. Qf1 Qxf1+ 40. Kxf1
Ne5 41. Ke2 Kf7 42. Kd2 Kf6 43. Bd1 Kf5 44. g3 Ng4 45. Bf3 Ne3 46. Ke2 h6 47.
Kf2 Nc2 48. Ke2 Na3 49. Kd2 Nb1+ 50. Kc2 Nc3 51. Kb3 g5 52. hxg5 Kxg5 53. a4
bxa3 54. Kxa3 h5 55. Kb3 h4 56. gxh4+ Kxh4 57. Kc2 Kg3 58. Bh5 Kf2 59. Kd2 Na4
60. Bg6 Nb6 61. Bf5 Na8 62. Be4 Nc7 63. Bf5 Ne8 64. Bg6 Nf6 65. Bf5 Nh5 66. Bh7
Ng3 67. Bg6 Nf1+ 68. Kc2 Ke3 69. Kb3 Nd2+ 70. Ka4 Nf3 71. Kb5 Ne5 72. Bh7 Nxd3
73. Kc6 Kd2 74. Kd5 Kc3 75. Bf5 Kc2 76. Bh7 Kd2 77. Bf5 Kc3 78. Bh7 Nb2 79.
Kxc5 Nxc4 80. Kd5 Ne3+ 81. Ke4 Ng4 82. Bg6 d3 83. Kf4 d2 0-1

[Event "Tradewise Hastings Masters 15-16"]
[Site "Hastings, England"]
[Date "2015.12.28"]
[Round "1.32"]
[White "Ramstad, Havard"]
[Black "Stonehouse, Tom H"]
[Result "1-0"]
[WhiteElo "2026"]
[BlackElo "1778"]
[PlyCount "145"]
[EventDate "2015.??.??"]

1. d4 Nf6 2. Nf3 g6 3. c4 Bg7 4. Nc3 O-O 5. e4 d6 6. Be2 e5 7. O-O Nbd7 8. Re1
c6 9. Bf1 Qc7 10. a4 a5 11. Ra3 Re8 12. h3 Nf8 13. c5 exd4 14. cxd6 Qb6 15.
Qxd4 Qb4 16. Qd1 Be6 17. Qc2 N8d7 18. Bd2 Qc5 19. Qd3 Rad8 20. e5 Nd5 21. Nxd5
Bxd5 22. Be3 Qb4 23. Bd2 Qxb2 24. Rb1 Nxe5 25. Rxb2 Nxd3 26. Rxb7 Nc5 27. Re7
Rxe7 28. dxe7 Re8 29. Bxa5 Ne6 30. Bc3 Rxe7 31. Bxg7 Kxg7 32. a5 Ra7 33. Ne5
Nc7 34. Bc4 Nb5 35. Ra1 f6 36. Bxd5 cxd5 37. Nc6 Ra8 38. Kf1 Kf7 39. Rb1 Nd6
40. Rb8 Ra6 41. Rb6 Rxb6 42. axb6 Nb7 43. Ke2 Ke6 44. Ke3 Kd6 45. Nb8 Nc5 46.
Kd4 Na4 47. b7 Kc7 48. Nd7 Kxb7 49. Nxf6 Kc6 50. Nxh7 Nc5 51. Nf8 g5 52. Ng6
Kd6 53. f3 Ne6+ 54. Ke3 Kc5 55. Kd3 d4 56. g3 Kd5 57. Ne7+ Ke5 58. Nc6+ Kd5 59.
Na5 Nc5+ 60. Kd2 Nd7 61. Ke2 Ne5 62. f4 gxf4 63. gxf4 Ng6 64. Kf3 d3 65. Nb3
Kc4 66. Nd2+ Kc3 67. Ne4+ Kc2 68. Kg4 Ne7 69. f5 Nd5 70. Kf3 Nf6 71. Nf2 Kd2
72. h4 Ke1 73. Nxd3+ 1-0

[Event "Tradewise Hastings Masters 15-16"]
[Site "Hastings, England"]
[Date "2015.12.28"]
[Round "1.33"]
[White "Brooke, John"]
[Black "Gallagher, Daniel GH"]
[Result "0-1"]
[WhiteElo "1770"]
[BlackElo "2010"]
[PlyCount "56"]
[EventDate "2015.??.??"]

1. d4 Nf6 2. c4 g6 3. Nc3 Bg7 4. e4 d6 5. Nf3 O-O 6. Be2 e5 7. Be3 Ng4 8. Bg5
f6 9. Bd2 Nd7 10. h3 Nh6 11. O-O c6 12. d5 Nf7 13. Be3 f5 14. g3 Nf6 15. Kh2
Qd7 16. exf5 gxf5 17. Ng5 f4 18. gxf4 Nxg5 19. fxg5 Qxh3+ 20. Kg1 Ng4 21. Bxg4
Bxg4 22. f3 Qg3+ 23. Kh1 Rxf3 24. Qd2 Qh3+ 25. Qh2 Rxf1+ 26. Rxf1 Qxf1+ 27. Qg1
Qh3+ 28. Qh2 Qxe3 0-1

[Event "Tradewise Hastings Masters 15-16"]
[Site "Hastings, England"]
[Date "2015.12.28"]
[Round "1.34"]
[White "Oyama, Akito"]
[Black "Gluckman, Paul"]
[Result "0-1"]
[WhiteElo "2005"]
[BlackElo "1742"]
[PlyCount "138"]
[EventDate "2015.??.??"]

1. e4 c5 2. Nc3 e6 3. f4 d5 4. Nf3 Nc6 5. Bb5 Nf6 6. Bxc6+ bxc6 7. d3 Be7 8.
O-O O-O 9. Ne5 Qc7 10. Qf3 Bb7 11. b3 Bd6 12. Qg3 Nh5 13. Qg5 f6 14. Qxh5 fxe5
15. f5 exf5 16. Rxf5 Rxf5 17. Qxf5 Rf8 18. Qg4 Qf7 19. Qe2 c4 20. dxc4 Bc5+ 21.
Be3 Bxe3+ 22. Qxe3 d4 23. Qg3 dxc3 24. h3 Qf4 25. Qxc3 Qxe4 26. Re1 Qh4 27.
Rxe5 c5 28. Qe3 Qf6 29. Qe2 Bc6 30. Re7 Qd4+ 31. Kh1 Kh8 32. Rxa7 h6 33. Rc7
Re8 34. Qf1 Qd2 35. Rxc6 Re1 36. Qxe1 Qxe1+ 37. Kh2 Qe5+ 38. Kh1 Qa1+ 39. Kh2
Qxa2 40. Rxc5 Qxc2 41. b4 Qd2 42. Rc8+ Kh7 43. b5 Qd7 44. Rc6 Kg8 45. Kh1 Kf7
46. Kh2 Ke7 47. c5 Qb7 48. Rg6 Kf7 49. Rg3 Qxb5 50. Rc3 Ke7 51. Rc1 Kd7 52. c6+
Kc7 53. Kh1 Qb3 54. Kh2 Qb2 55. Rc5 Qf2 56. Rc3 Qf4+ 57. Kh1 g5 58. Rc2 h5 59.
Kg1 Qd4+ 60. Kh2 Qd6+ 61. g3 h4 62. Rg2 Kxc6 63. Rg1 Qe5 64. Rg2 Kd5 65. Rg1
Kd4 66. Rd1+ Kc3 67. Kh1 Qe4+ 68. Kg1 Qe3+ 69. Kf1 hxg3 0-1

[Event "Tradewise Hastings Masters 15-16"]
[Site "Hastings, England"]
[Date "2015.12.28"]
[Round "1.35"]
[White "Kearsley, Raymond J"]
[Black "Larsen, Andreas"]
[Result "0-1"]
[WhiteElo "1723"]
[BlackElo "1998"]
[PlyCount "54"]
[EventDate "2015.??.??"]

1. e4 c6 2. d4 d5 3. Nc3 dxe4 4. Bc4 Nf6 5. f3 b5 6. Bb3 exf3 7. Nxf3 Qd6 8. a3
Be6 9. Bxe6 Qxe6+ 10. Ne5 Nbd7 11. Qe2 Nxe5 12. dxe5 Nd7 13. Bf4 g5 14. Bg3 Bg7
15. O-O-O Bxe5 16. Bxe5 Qxe5 17. Qd3 Nc5 18. Qh3 Ne6 19. Rhe1 Qf4+ 20. Kb1 Rd8
21. Rxd8+ Nxd8 22. Qh6 Ne6 23. Re4 Qf1+ 24. Ka2 Qxg2 25. Re5 Qxc2 26. Ne4 Qc4+
27. Ka1 Qd4 0-1

[Event "Tradewise Hastings Masters 15-16"]
[Site "Hastings, England"]
[Date "2015.12.28"]
[Round "1.36"]
[White "Sikkel, Dirk"]
[Black "Macrae, James S"]
[Result "1-0"]
[WhiteElo "1991"]
[BlackElo "1693"]
[PlyCount "87"]
[EventDate "2015.??.??"]

1. e4 c6 2. d4 d5 3. exd5 cxd5 4. Bd3 Nc6 5. c3 Nf6 6. Bf4 e6 7. Nf3 Be7 8.
Nbd2 Nh5 9. Bg3 Qb6 10. Qc2 Nxg3 11. hxg3 h6 12. g4 Bd7 13. g5 O-O-O 14. gxh6
gxh6 15. O-O-O Kb8 16. Qb3 Qxb3 17. Nxb3 b6 18. Kb1 Rdg8 19. g3 Kb7 20. Nbd2
Rg4 21. Bb5 Kc7 22. Bxc6 Bxc6 23. Ne5 Rg7 24. Nxc6 Kxc6 25. Rh5 Rg5 26. Rdh1
Rxh5 27. Rxh5 Bf8 28. Nf3 Bg7 29. Kc2 Kd6 30. Kd3 Kc7 31. Ne5 Bxe5 32. dxe5 Kc6
33. Ke3 Kc5 34. g4 Rg8 35. Rh4 Rg6 36. f4 b5 37. Kf3 a5 38. f5 exf5 39. gxf5
Rb6 40. b4+ axb4 41. cxb4+ Kc6 42. Rxh6+ Kc7 43. Rxb6 Kxb6 44. e6 1-0

[Event "Tradewise Hastings Masters 15-16"]
[Site "Hastings, England"]
[Date "2015.12.28"]
[Round "1.37"]
[White "Borland, Scott"]
[Black "Robson, Caroline J"]
[Result "1-0"]
[WhiteElo "1651"]
[BlackElo "1570"]
[PlyCount "101"]
[EventDate "2015.??.??"]

1. d4 Nf6 2. Nf3 g6 3. c4 Bg7 4. Nc3 O-O 5. e4 d6 6. Be2 e5 7. dxe5 dxe5 8.
Qxd8 Rxd8 9. Bg5 Re8 10. O-O c6 11. Rad1 Nbd7 12. h3 Nc5 13. Bd3 a5 14. Be3
Ncd7 15. Na4 Nh5 16. g3 h6 17. Kg2 g5 18. c5 Kh8 19. Bc4 Kg8 20. Rfe1 Nhf6 21.
Bd2 Bf8 22. Bc3 Rb8 23. a3 Kg7 24. Bxa5 g4 25. hxg4 Nxg4 26. Bc7 Ra8 27. Nb6
Nxb6 28. cxb6 Ra4 29. Bb3 Ra5 30. Nh2 Rb5 31. Nxg4 Bxg4 32. Rd3 f6 33. f3 Bh5
34. Red1 Bf7 35. Bxf7 Rxb2+ 36. R3d2 Rxd2+ 37. Rxd2 Kxf7 38. Rd7+ Re7 39. Rd8
Re8 40. a4 Rxd8 41. Bxd8 Bb4 42. f4 exf4 43. gxf4 Ke6 44. f5+ Ke5 45. Kf3 h5
46. Bc7+ Kd4 47. Bd8 Ke5 48. Ke3 h4 49. Bc7+ Bd6 50. Bxd6+ Kxd6 51. a5 1-0

[Event "Tradewise Hastings Masters 15-16"]
[Site "Hastings, England"]
[Date "2015.12.28"]
[Round "1.38"]
[White "Pickersgill, Adrian O"]
[Black "Evans, Helen I"]
[Result "1-0"]
[WhiteElo "1986"]
[BlackElo "1577"]
[PlyCount "47"]
[EventDate "2015.??.??"]

1. e4 d6 2. d4 Nf6 3. Nc3 e5 4. Nf3 Nbd7 5. Bc4 Be7 6. Bxf7+ Kxf7 7. Ng5+ Kg8
8. Ne6 Qe8 9. Nxc7 Qd8 10. Nxa8 a6 11. dxe5 dxe5 12. Nd5 Nxd5 13. Qxd5+ Kf8 14.
Be3 b6 15. O-O-O Ke8 16. Qc6 Kf7 17. Nc7 b5 18. Qe6+ Kf8 19. Qf5+ Kg8 20. Nd5
Bc5 21. Bxc5 Nxc5 22. Ne7+ Qxe7 23. Qxc8+ Qf8 24. Rd8 1-0

[Event "Tradewise Hastings Masters 15-16"]
[Site "Hastings, England"]
[Date "2015.12.28"]
[Round "1.39"]
[White "Dean, Michael J"]
[Black "Rice, Chris B"]
[Result "0-1"]
[WhiteElo "1562"]
[BlackElo "1956"]
[Annotator "Carr,Matthew"]
[PlyCount "66"]
[EventDate "2015.??.??"]

1. Nf3 d5 2. g3 c5 3. Bg2 Nc6 4. O-O e6 5. c3 Nf6 6. d4 Be7 7. Bg5 Qb6 8. Qc2
O-O 9. Nbd2 Bd7 10. Ne5 cxd4 11. Bxf6 Nxe5 12. Bxe7 Rfc8 13. Ba3 Qa6 14. Qb3
dxc3 15. bxc3 Qxe2 16. Qd1 Qa6 17. Bb2 Nd3 18. Qc2 Ba4 19. Qb1 Rc6 20. c4 dxc4
21. Bxc6 Qxc6 22. Bd4 Qd5 23. Be3 Bc6 24. f3 b5 25. Qd1 a5 26. Ne4 f5 27. Nc3
Qe5 28. Bd2 b4 29. Ne2 Rd8 30. Nc1 Qxa1 31. Qe2 Qe5 32. Qg2 c3 33. Nxd3 Rxd3
$138 0-1